Music Quiz

Random Music or Album Quiz

Franz Ferdinand albums Quiz Stats

Quiz not verified by Sporcle

Challenge
Share
Tweet
Embed
Score 0/5 Timer 02:00
0 Plays Today
Year Answer % Correct
2004Franz Ferdinand
100%
2018Always Ascending
100%
2005You Could Have It So Much Better
87.5%
2013Right Thoughts, Right Words, Right Action
82.1%
2009Tonight: Franz Ferdinand
73.2%

You're not logged in!

Compare scores with friends on all Sporcle quizzes.
Join for Free
OR
Log In

You Might Also Like...

Show Comments

Extras

Top Quizzes Today


Score Distribution

Your Account Isn't Verified!

In order to create a playlist on Sporcle, you need to verify the email address you used during registration. Go to your Sporcle Settings to finish the process.

Report this User

Report this user for behavior that violates our Community Guidelines.

Details: